000 00586nam a2200193 4500
003 OSt
005 20240626021146.0
006 a
008 240619b |||||||| |||| 00| 0 eng d
020 _a9789712725371
040 _aDWCL-Main lib.
_cOC
082 _bFil. 899.210 T784s 2011
100 _aGerardo S. Torres
245 _aA treat of 100 short stories /
_cGerardo S. Torres
260 _aMandaluyong City, Phils. :
_bAnvil Pub.,
_cc2011.
300 _axiii,
_b223 p. ;
_c23 cm.
650 _a1. Short stories, Philippines (English and Filipino).
942 _2ddc
_n1
_cBK - FIL
_kFil.
999 _c879
_d879